Регионална библиотека "Любен Каравелов" - Русе

Някои го предпочитат смешно (Запис номер 51298)

MARC детайли
000 -Лидер
Контролно поле с фиксирана дължина 01254nam a2200301 c 4500
003 - Код на организацията, давaща контролен номер
Контролно поле BLK
005 - Дата и час на последна редакция
Контролно поле 20240528161059.0
008 - Елементи от данни с фиксирана дължина
fixed length control field 180408b bul|||||r ||||||| ||bul||
010 ## - Наследен системен номер
LC control number KNG00055200000
020 ## - Международен стандартен номер на книга ISBN
Международен стандартен номер на книга ISBN 954-8516-94-2
-- издат.: Кронос
040 ## - Източник на каталожния запис
Идентификатор на билиотеката - собственик на записа BLK
041 ## - Код за език
Код за езика на текст/звукозапис или на отделно заглавие Български
Код за езика КДБФ Български
080 ## - УДК
Текстов определител УДК Американска литература (на САЩ)
УДК код - определител по УДК 821.111(73)
УДК определител -323(08)
УДК - код + определител 821.111(73)-323(08)
139 ## - Редно поле
Редна дума Някои го предпочитат смешно
Авторски знак Ня - Н 99
245 10 - Сведения за заглавието
Заглавие Някои го предпочитат смешно
Подзаглавни данни Сб. амер. хумористични разкази
Редно поле (дума) състав. Красимира Маврова; прев. от англ. Боян Ангелов.
257 ## - Страна на издаване
Страна на създаване/издаване Съединени американски щати
260 ## - Област на издателските данни
-- София
Име на издателя, разпространителя и проч. Кронос
Година на издаване 2005
Печатница София : Инвестпрес
300 ## - Физическа характеристика
Страници 400 с.
Размери/Мащаб 20 см
380 ## - Жанр
Жанр Худож. лит.
700 1# - Други автори (авторска отговорност)
Лично име Маврова, Красимира
Автороска отговорност (Описва отношението между автора и произведението) състав.
9 (RLIN) 368594
700 1# - Други автори (авторска отговорност)
Лично име Ангелов, Боян
Автороска отговорност (Описва отношението между автора и произведението) прев. от англ.
Друга информация Иванов, Боян Ангелов
9 (RLIN) 364234
852 ## - Местоположение
Форматна сигнатура Цб 224572
856 4# - Електронен адрес и достъп
Електронен формат pdf - файл
Път до файла /url/
856 4# - Електронен адрес и достъп
Електронен формат pdf - файл
Път до файла /url/
942 ## - АРТИКУЛИ
Вид на библиотечния материал Книги
Скрит в OPAC Не
Koha issues (borrowed), all copies 4
944 ## - СЪЗДАВАНЕ И РЕДАКЦИЯ на ЗАПИСА
Създаване/Редакция Създаване
Дата на регистрацията/редакция 08.09.2005
Служител, извършил регистрацията/редакцията 30530
Статус, дата на статуса Минев Младен
944 ## - СЪЗДАВАНЕ И РЕДАКЦИЯ на ЗАПИСА
Създаване/Редакция Редакция
Дата на регистрацията/редакция 27.02.2007
Служител, извършил регистрацията/редакцията
999 ## - СИСТЕМНИ КОНТРОЛНИ НОМЕРА
Koha biblionumber 51298
Koha biblioitemnumber 51298
Наличности
Код за отписване Код за изгубен артикул Код за повреда Коз за рестрикции Код за отдаване Артикулен № Име на библиотеката - собственик Име на библиотеката, в която се намира в момента Статус (Текущо местоположение) Дата на вписване в системата Местоположение - отдел Цена в лева Инвентарен номер Систематично азбучна сигнатура Баркод Номер на екземпляра Цена в евро Служебна бележка Служебен тип на артикула
  Не е изгубен Не е повреден без рестрикции заемане за дома 80958 Регионална библиотека "Любен Каравелов" Русе Регионална библиотека "Любен Каравелов" Русе Заемна - подръчен фонд 2005-09-08 Заемна - подръчен фонд 10.00 120000696515 П 820(73)-34/Н 99 120000696515 1 5.11 Дост: Pk Вид: Ф N: 8908 Дата: 01.09.2005 Дата инв: 13.02.2018 Бележки инв: П2018 Книги
  Не е изгубен Не е повреден без рестрикции ползва се в читалня 80959 Регионална библиотека "Любен Каравелов" Русе Регионална библиотека "Любен Каравелов" Русе Хранилище 2007-02-22 Хранилище 10.00 120000710110 Цб 224572 120000710110 2 5.11 Дост: Dp Вид: Д N: 18 Дата: 12.04.2006 Книги
Vip Innovations Ltd, Rousse, Bulgaria 2025